España, centro del mundo (Record no. 85047)

MARC details
000 -LEADER
campo de control de longitud fija 00865nam a2200217 i 4500
001 - NÚMERO DE CONTROL
campo de control 85047
003 - IDENTIFICADOR DE NÚMERO DE CONTROL
campo de control ES-MaACL
005 - FECHA Y HORA DE LA ÚLTIMA TRANSACCIÓN
campo de control 20230906175154.0
007 - CAMPO FIJO DE DESCRIPCIÓN FÍSICA--INFORMACIÓN GENERAL
campo de control de longitud fija t|
008 - DATOS DE LONGITUD FIJA--INFORMACIÓN GENERAL
campo de control de longitud fija 041125s1917 sp ||||1| spa d
080 ## - NÚMERO DE LA CLASIFICACIÓN DECIMAL UNIVERSAL
Número de la Clasificación Decimal Universal 914.603.55(234)
100 1# - ENTRADA PRINCIPAL--NOMBRE DE PERSONA
Nombre de persona Jiménez, Ernesto.
9 (RLIN) 66404
245 10 - MENCIÓN DEL TÍTULO
Título España, centro del mundo
Resto del título : macizos montañosos del contorno suribérico y proyectos de engrandecimiento /
Mención de responsabilidad, etc. prólogo de Antonio Prast ; texto y proyectos de Ernesto Jiménez.
260 ## - PUBLICACIÓN, DISTRIBUCIÓN, ETC.
Lugar de publicación, distribución, etc. : [S.l.] :
Nombre del editor, distribuidor, etc. Club Alpino Español, Sección de Estudio de Proyectos,
Fecha de publicación, distribución, etc. 1917 (
Lugar de fabricación/manufactura [Madrid :
Fabricante V.H. de Sanz Calleja, imp.)
300 ## - DESCRIPCIÓN FÍSICA
Extensión 59 p., [21] h. de lám., [6] h. pleg. de mapas ;
Dimensiones 29 cm.
500 ## - NOTA GENERAL
Nota general Tomo I"
650 #4 - PUNTO DE ACCESO ADICIONAL DE MATERIA--TÉRMINO DE MATERIA
Término de materia o nombre geográfico como elemento de entrada Montañas-
Subdivisión geográfica Cádiz (Provincia)
9 (RLIN) 147236
700 0# - ENTRADA AGREGADA--NOMBRE PERSONAL
Nombre de persona Prast, Antonio.
9 (RLIN) 93657
710 0# - ENTRADA AGREGADA--NOMBRE DE ENTIDAD CORPORATIVA
Nombre de entidad corporativa o nombre de jurisdicción como elemento de entrada Club Alpino Español.
9 (RLIN) 2853
852 ## - LOCALIZACIÓN
Ubicación ES-MaACL
Número de control de estantería 1541-F-7
Holdings
Estatus retirado Estado de pérdida Estado de daño No para préstamo Colección Biblioteca de origen Biblioteca actual Ubicación en estantería Fecha de adquisición Fuente de adquisición Total de préstamos Signatura topográfica completa Código de barras Visto por última vez Precio de reemplazo Tipo de ítem Koha
        Colección de folletos Biblioteca del Ateneo de Madrid Biblioteca del Ateneo de Madrid Depósito folletos 17/01/2008     1541-F-7 1088874 23/02/2023 23/02/2023 Folleto